HAYAT ANCAK BEN OLDUĞUMDA GERÇEKDİR (Record no. 1153669)
[ view plain ]
| 000 -LEADER | |
|---|---|
| sabit uzunluktaki kontrol alanı | 00264nam a2200097Ia 4500 |
| 001 - KONTROL NUMARASI | |
| kontrol alanı | 1153669 |
| 005 - EN SON İŞLEMİN TARİH VE ZAMANI | |
| kontrol alanı | 20250827011129.0 |
| 008 - SABİT-UZUNLUKTA VERİ ÖĞELERİ--GENEL BİLGİ | |
| sabit uzunluktaki kontrol alanı | 250824s9999 xx 000 0 und d |
| 245 #0 - ESER / YAZAR | |
| ESER ADI | HAYAT ANCAK BEN OLDUĞUMDA GERÇEKDİR |
| Yazar Adı | GAMZE ALAGÖZ |
| 260 ## - YAYIN, DAĞITIM, VB. | |
| YAYIN EVİ | DESTEK YAYINLARI |
No items available.